Diccionario de arquitectura en la argentina : vol. 5 /

Guardado en:
Autor Principal: Liernur, Jorge Francisco
Otros Autores: Aliata, Fernando, comp.
Formato: Libro
Publicado: Buenos Aires : Clarín
Series:Arquitectura
Materias:
Etiquetas: Agregar Etiqueta
Sin Etiquetas, Sea el primero en etiquetar este registro!
LEADER 00874nam a22002775a 4500
001 CEM.cems011579
005 20070912190119.0
008 130507b######################000#0#####d
003 CEMS
020 |a 9507824227 
082 0 4 |a 720.982 
100 1 |a Liernur, Jorge Francisco 
245 1 0 |a Diccionario de arquitectura en la argentina :  |b vol. 5 /  |c Compilado Por Jorge Francisco Liernur, Fernando Aliata 
260 |a Buenos Aires :  |b Clarín 
300 |a 205 p. 
490 0 |a Arquitectura 
653 |a Arquitectura 
653 |a Diccionario 
653 |a Diccionario-estilos 
653 |a Diccionario-obras 
653 |a Diccionario-biografías 
653 |a Diccionario-instituciones 
653 |a Diccionario-ciudades 
653 |a Arquitectura-diccionario 
700 1 |a Aliata, Fernando, comp. 
859 |a CEMS  |b BIB. CEMS - 11 de abril  |h 720.982  |i L623  |p 22535.04  |t Ej.1  |v 5  |3 5